banner-ar

التاريخ والتقدم : (Record no. 59886)

MARC details
000 -الفاتح
حقل البيانات ثابتة الطول 01270nam a22003017a 4500
005 - وقت وتاريخ اخر تعامل مع التسجيلة
رقم الضبط 20240530110341.0
008 - عناصر البيانات ثابتة الطول - معلومات عامة
حقل البيانات ثابتة الطول 141112s2011 le gr 001 0dara d
020 ## - الرقم الدولى المعيارى للكتب
الرقم الدولى المعيارى للكتاب 9789953824666
040 ## - مصدر الفهرسة
وكالة الفهرسة الأصلية EG-CaGPL
082 04 - رقم تصنيف ديوى العشرى
رقم الطبعة 21
رقم التصنيف 189.19\
رقم المادة أ ت
100 ## - المدخل الرئيسى - إسم شخصى
الإسم الشخصى احمد الصادقى
245 10 - بيان العنوان
العنوان التاريخ والتقدم :
بقية العنوان دراسات فى اعمال هشام جعيط : ندوة فكرية /
بيان المسئوليه,etc احمد الصادقى ... [ واخ ] ؛ تحرير عبدالاله بلقزيز
250 ## - بيان الطبعة
بيان الطبعة ط 1
260 ## - PUBLICATION, DISTRIBUTION, ETC. (IMPRINT)
تاريخ النشر أو التوزيع 2011
300 ## - الوصف المادى
التعداد 92 ص ؛
أبعاد الوعاء 20 سم
600 04 - المدخل الاضافى بالموضوع-اسم شخصى
الإسم الشخصى هشام جعيط
650 04 - المدخل الاضافى بالموضوع-مصطلح موضوعى
مصطلح موضوعي السير ( فقه اسلامى )
650 04 - المدخل الاضافى بالموضوع-مصطلح موضوعى
مصطلح موضوعي الثقافة الاسلامية
650 04 - المدخل الاضافى بالموضوع-مصطلح موضوعى
مصطلح موضوعي الشخصية
التقسيم الفرعي العام الجوانب الاجتماعية
650 04 - المدخل الاضافى بالموضوع-مصطلح موضوعى
مصطلح موضوعي الاسلام
التقسيم الفرعي الجغرافي اوروبا
700 0# - المدخل الاضافى - اسم شخصى
الإسم الشخصى عبدالمجيد الجهاد
الدور مؤلف مشارك
700 0# - المدخل الاضافى - اسم شخصى
الإسم الشخصى احمد الصادقى
الدور مؤلف مشارك
700 0# - المدخل الاضافى - اسم شخصى
الإسم الشخصى توفيق رشد
الدور مؤلف مشارك
700 0# - المدخل الاضافى - اسم شخصى
الإسم الشخصى عمر بوفتاس
الدور مؤلف مشارك
700 0# - المدخل الاضافى - اسم شخصى
الإسم الشخصى عبدالاله بلقزيز
الدور محرر
942 ## - عناصر المدخل الإضافي( كوها)
مصدر التصنيف او مخطط الترفيف Dewey Decimal Classification
Koha [default] item type كتاب
260 ## - PUBLICATION, DISTRIBUTION, ETC. (IMPRINT)
-- بيروت :
-- مركز دراسات الوحدة العربية ،
Holdings
حالة التراجع حالة الفقد حالة تلف ليس للاعارة المكان المؤقت الموقع الحالى تاريخ الاكتساب اجمالي اﻻعارات رقم الطلب الباركود تاريخ اخر مشاهدة تاريخ تفعيل السعر نوع وعاء كوها
        مكتبة القاهرة الكبرى مكتبة القاهرة الكبرى 11/12/2014   189.19\ أ ت 158846 11/12/2014 11/12/2014 كتاب

Powered By

EGPV